[Event "Hammerfest op"]
[Site "Hammerfest"]
[Date "2001.09.30"]
[Round "6"]
[White "Vaguer, Boris"]
[Black "Royset, Pal"]
[Result "0-1"]
[WhiteElo "2263"]
[BlackElo "2256"]
[PlyCount "98"]
[EventDate "2001.09.??"]
[EventType "swiss"]
[EventRounds "7"]
[EventCountry "NOR"]
[SourceTitle "EXT 2005"]
[Source "ChessBase"]
[SourceDate "2004.11.15"]
[SourceVersion "1"]
[SourceVersionDate "2004.11.15"]
[SourceQuality "1"]

1. d4 Nf6 2. Nf3 d6 3. Bf4 g6 4. e3 Bg7 5. Bc4 0-0 6. Nbd2 Nbd7 7. h3 c5 8. c3 a6 9. a4 cxd4 10. cxd4 b6 11. 0-0 Bb7 12. Qe2 Nd5 13. Bg3 Nb4 14. Rac1 e5 15. dxe5 dxe5 16. e4 Qe7 17. Rfd1 Kh8 18. Nb3 Rac8 19. Bh4 f6 20. Nfd2 Bh6 21. f3 Rc7 22. Bf2 Rfc8 23. Be3 Bxe3+ 24. Qxe3 Bc6 25. a5 b5 26. Be2 Bb7 27. Rxc7 Rxc7 28. Rc1 Rxc1+ 29. Nxc1 Qc5 30. Qxc5 Nxc5 31. Ndb3 Na4 32. Nd3 Nxd3 33. Bxd3 Nxb2 34. Nc5 Bc8 35. Kf2 Kg8 36. Ke2 Kf7 37. Bxb5 axb5 38. a6 Na4 39. a7 Nb6 40. Kd2 Ke7 41. Kc3 Kd6 42. Kb4 Kc6 43. h4 Na8 44. g3 Kb6 45. f4 exf4 46. gxf4 Nc7 47. e5 fxe5 48. fxe5 Kxa7 49. Ka5 Be6 0-1

[Event "Hammerfest op"]
[Site "Hammerfest"]
[Date "2001.09.28"]
[Round "3"]
[White "Vaguer, Boris"]
[Black "Pedersen, Birger"]
[Result "1-0"]
[WhiteElo "2263"]
[BlackElo "1190"]
[PlyCount "71"]
[EventDate "2001.09.??"]
[EventType "swiss"]
[EventRounds "7"]
[EventCountry "NOR"]
[SourceTitle "EXT 2005"]
[Source "ChessBase"]
[SourceDate "2004.11.15"]
[SourceVersion "1"]
[SourceVersionDate "2004.11.15"]
[SourceQuality "1"]

1. d4 d5 2. Nf3 Nc6 3. Bf4 e6 4. e3 a6 5. Be2 b5 6. 0-0 Na5 7. b3 c5 8. dxc5 Bxc5 9. Qd2 Bb6 10. a4 Nf6 11. axb5 0-0 12. Nc3 Ne4 13. Nxe4 dxe4 14. Qxd8 Rxd8 15. Nd4 Bxd4 16. exd4 Nb7 17. Rxa6 Bd7 18. Rfa1 Rac8 19. c4 Be8 20. Ra7 Nd6 21. Bxd6 Rxd6 22. Ra8 Rcd8 23. Rxd8 Rxd8 24. c5 Rxd4 25. Ra8 Kf8 26. c6 Rd2 27. Kf1 Rc2 28. Bc4 Ke7 29. c7 Bd7 30. c8Q Bxc8 31. Rxc8 f5 32. g3 g5 33. b6 f4 34. gxf4 gxf4 35. b7 f3 36. Ke1 1-0